000 00987cam a2200277 a 4500
001 2471039
003 OSt
005 20160513145727.0
008 900607s1991 nyua b 001 0 eng
010 _a 90040961
020 _a0275936708 (alk. paper)
020 _a027594610X (pbk.)
040 _aDLC
_cDLC
_dDLC
050 0 0 _aHM141
_b.R685 1991
082 0 0 _a303.34
_220
_bROS 1993
100 1 _aRost, Joseph C.
_98767
245 1 0 _aLeadership for the twenty-first century /
_cJoseph C. Rost ; foreword by James MacGregor Burns.
260 _aNew York :
_bPraeger,
_c1993.
300 _axv, 220 p. :
_bill. ;
_c24 cm.
504 _aIncludes bibliographical references (p. [189]-213) and index.
650 0 _aLeadership.
_91402
740 0 _aLeadership for the 21st century.
906 _a7
_bcbc
_corignew
_d1
_eocip
_f19
_gy-gencatlg
942 _2ddc
_cSLOAN
999 _c4017
_d4017